Statistics for North Dakota vs South Dakota

Click here to take the quiz!

General Stats

  • This quiz has been taken 64 times
  • The average score is 9 of 12

Answer Stats

QuestionAnswer% Correct
Has the landmark of Mount RushmoreSouth Dakota
100%
Capital is BismarckNorth Dakota
98%
Has a city named Sioux FallsSouth Dakota
98%
Capital is PierreSouth Dakota
98%
Has more available energy jobsNorth Dakota
90%
Largest populationSouth Dakota
85%
Has the largest citySouth Dakota
73%
First one to become a stateNorth Dakota
71%
Has the least amount of countiesNorth Dakota
65%
Largest sizeSouth Dakota
58%
Has more available mining jobsSouth Dakota
56%
Largest GDPSouth Dakota
38%

Score Distribution

Percentile by Number Answered

Percent of People with Each Score

Your Score History

You have not taken this quiz